Traffic measures for historic towns (Record no. 72809)

MARC details
000 -LEADER
fixed length control field 01130cam a2200217 4500
001 - CONTROL NUMBER
control field WB3921-17
008 - FIXED-LENGTH DATA ELEMENTS--GENERAL INFORMATION
fixed length control field 030603n2003 000 0 eng u
035 ## - SYSTEM CONTROL NUMBER
System control number (Sirsi) u122506
245 ## - TITLE STATEMENT
Title Traffic measures for historic towns
260 ## - PUBLICATION, DISTRIBUTION, ETC.
Date of publication, distribution, etc. 2003
490 ## - SERIES STATEMENT
Series statement English Historic Towns Forum Press Release
Volume/sequential designation 24 April 2003 (1)
520 ## - SUMMARY, ETC.
Summary, etc. The English Historic Towns Forum has launched a review report on its"Historic core zone project report", which looks at development of four towns. It claims that historic town and city centres could be enhanced through improved measures to control traffic, backed by extra funding and emphasises that an enforceable level of priority for pedestrians over motorists should be adopted. Copies of the report and the review can be obtained from t +44 (0)117 975 0459. http://www.ehtf.org.uk/news_article.asp?id=98&list=article.
590 ## - LOCAL NOTE (RLIN)
Local note WB
650 ## - SUBJECT ADDED ENTRY--TOPICAL TERM
Topical term or geographic name entry element TRAFFIC MANAGEMENT
650 ## - SUBJECT ADDED ENTRY--TOPICAL TERM
Topical term or geographic name entry element HISTORIC CITY CENTRES
650 ## - SUBJECT ADDED ENTRY--TOPICAL TERM
Topical term or geographic name entry element HISTORIC TOWNS
650 ## - SUBJECT ADDED ENTRY--TOPICAL TERM
Topical term or geographic name entry element TOWN PLANNING
650 ## - SUBJECT ADDED ENTRY--TOPICAL TERM
Topical term or geographic name entry element CITY PLANNING
690 ## - LOCAL SUBJECT ADDED ENTRY--TOPICAL TERM (OCLC, RLIN)
Topical term or geographic name as entry element ENVIRONMENTAL AND LAND CONSULTANCY-PLANNING AND DEVELOPMENT
942 ## - ADDED ENTRY ELEMENTS (KOHA)
Suppress in OPAC 0
Holdings
Withdrawn status Lost status Source of classification or shelving scheme Damaged status Not for loan Home library Current library Shelving location Date acquired Total Checkouts Full call number Barcode Date last seen Copy number Price effective from Koha item type
    Dewey Decimal Classification     London London News article 03/06/2003   WB3921-17 122506-1001 06/08/2019 1 06/08/2019 News article